|
|
|
|
| LEADER |
02311nam a2200553 a 4500 |
| 001 |
nkc20091931347 |
| 003 |
CZ PrNK |
| 005 |
20100225083510.0 |
| 007 |
ta |
| 008 |
100204s2009 xr e p 000 0 cze |
| 015 |
|
|
|a cnb001931347
|
| 020 |
|
|
|a 978-80-7204-623-2
|q (brož.)
|
| 035 |
|
|
|a (OCoLC)551378949
|
| 040 |
|
|
|a ABA001
|b cze
|
| 072 |
|
7 |
|a 658
|x Řízení a správa podniku
|2 Konspekt
|9 4
|
| 072 |
|
7 |
|a 37.016
|x Učební osnovy. Vyučovací předměty. Učebnice
|2 Konspekt
|9 22
|
| 080 |
|
|
|a 69:005.71
|2 MRF
|
| 080 |
|
|
|a 658
|2 MRF
|
| 080 |
|
|
|a 69:33
|2 MRF
|
| 080 |
|
|
|a (075.8)
|2 MRF
|
| 100 |
1 |
|
|a Marková, Leonora,
|d 1944-
|7 mzk2003171548
|4 aut
|
| 245 |
1 |
0 |
|a Základy ekonomiky stavebnictví /
|c Leonora Marková
|
| 250 |
|
|
|a Vyd. 1.
|
| 260 |
|
|
|a Brno :
|b Akademické nakladatelství CERM,
|c 2009
|
| 300 |
|
|
|a 110 s. ;
|c 30 cm
|
| 490 |
1 |
|
|a Učební texty vysokých škol
|
| 500 |
|
|
|a Nad názvem: Vysoké učení technické v Brně, Stavební fakulta, Ústav stavební ekonomiky a řízení
|
| 504 |
|
|
|a Obsahuje bibliografii
|
| 650 |
0 |
7 |
|a stavební podniky
|7 ph116282
|2 czenas
|
| 650 |
0 |
7 |
|a podniková ekonomika
|7 ph115762
|2 czenas
|
| 650 |
0 |
7 |
|a podnikový management
|7 ph115763
|2 czenas
|
| 650 |
0 |
7 |
|a ekonomika stavebnictví
|7 ph138699
|2 czenas
|
| 650 |
0 |
9 |
|a construction firms
|2 eczenas
|
| 650 |
0 |
9 |
|a managerial economics
|2 eczenas
|
| 650 |
0 |
9 |
|a industrial management
|2 eczenas
|
| 650 |
0 |
9 |
|a building economics
|2 eczenas
|
| 655 |
|
7 |
|a učebnice vysokých škol
|7 fd133772
|2 czenas
|
| 655 |
|
9 |
|a textbooks (higher)
|2 eczenas
|
| 710 |
2 |
|
|a Vysoké učení technické v Brně.
|b Ústav stavební ekonomiky a řízení
|7 ko2002103670
|
| 810 |
2 |
|
|a Vysoké učení technické v Brně.
|t Učební texty vysokých škol
|0 s
|
| 910 |
2 |
|
|a BOA001
|b 4-1238.199
|
| 928 |
9 |
|
|a CERM
|
| 990 |
|
|
|a BK
|
| 995 |
|
|
|a 01
|
| 991 |
|
|
|b 201002
|c NOV
|j 69 MAR
|
| 996 |
6 |
|
|b 2610410788
|c 4-1238.199
|l MZK
|r Sklad / do 1 hodiny
|n 7
|p p.v.
|w 001107940
|u 000010
|a 1
|e BOA001
|j MZK50
|s P
|
| 996 |
7 |
|
|b 2610410789
|c 4-1238.199
|l MZK
|r Sklad / do 1 hodiny
|n 16
|p kup
|w 001107940
|u 000020
|a 1
|e BOA001
|j MZK50
|s A
|
| 996 |
7 |
|
|b 2610410790
|c 4-1238.199
|l MZK
|r Sklad / do 1 hodiny
|n 11
|p kup
|w 001107940
|u 000030
|a 1
|e BOA001
|j MZK50
|s A
|
| 996 |
7 |
|
|b 2610410791
|c 4-1238.199
|l MZK
|r Sklad / do 1 hodiny
|n 13
|p kup
|w 001107940
|u 000040
|a 1
|e BOA001
|j MZK50
|s A
|